000 00880nam a2200229Ii 4500
003 JO-AjNU
008 230605s9999||||xx |||||||||||||| ||und||
017 _a2005/241066
020 _a977-270-982-4
040 _aJO-AjNU
_bara
_erda
_cJO-AjNU
041 _aara
050 1 4 _aPJ8212.S24 2006
100 3 _aسليم،محمد مصطفى,
_eauthor
_923414
245 0 0 _aالقصة وجدل النوع: رؤية توصيفية وببليوجرافية للقصة القصيرة المصرية (1975م - 2000م)
250 _aط1
264 3 1 _aالقاهرة: الدار المصرية اللبنانية، 2006
300 _a270ص
336 _atext
_btxt
_2rdacontent
337 _aunmediated
_bn
_2rdamedia
338 _avolume
_bnc
_2rdacarrier
650 4 _aالأدب العربي - القصة القصيرة - تاريخ ونقد - ببليوجرافيا - مصر
_923415
999 _aA8466
_c12034
_d12034